<The> Committee of Regions and implementation and monitoring of the principles of subsidiarity and proportionality in the light of the Constitution for Europe
Na minha lista:
| Autor Corporativo: | |
|---|---|
| Formato: | Livro |
| Idioma: | inglês |
| Publicado em: |
Luxembourg
Office for Official Publications of the European Communities
2006
|
| Assuntos: | |
| Tags: |
Sem tags, seja o primeiro a adicionar uma tag!
|
MARC
| LEADER | 00000nam$a2200000$$$4500 | ||
|---|---|---|---|
| 001 | 0067235 | ||
| 005 | 20240318114154.1 | ||
| 020 | |a 92-895-0385-8 | ||
| 041 | 0 | |a eng | |
| 044 | |a LU | ||
| 245 | 1 | 0 | |a <The> Committee of Regions and implementation and monitoring of the principles of subsidiarity and proportionality in the light of the Constitution for Europe |
| 264 | 1 | |a Luxembourg |b Office for Official Publications of the European Communities |c 2006 | |
| 300 | |a 310 s. | ||
| 610 | 2 | 0 | |a Európska únia |
| 610 | 2 | 0 | |a spolupráca medzinárodná |
| 610 | 2 | 0 | |a integrácia |
| 610 | 2 | 0 | |a integrácia regionálna |
| 610 | 2 | 0 | |a subsidiarita |
| 710 | 2 | |a Committee of the Regions | |